000 00241 a2200097 4500
245 _aBiological physics
_hprint
100 _aD.S White
650 _aBIOLOGY
005 20191017173541.0
260 _anyu
_bAmerican Institute of Physics
_cc1974
084 _aQH505 .B4665 1993
999 _c10412
_d10412